| 000 | 00827nam a22002177a 4500 | ||
|---|---|---|---|
| 999 |
_c11761 _d11761 |
||
| 003 | AR-CdUCM | ||
| 008 | 190404b ||||| |||| 00| 0 spa d | ||
| 040 |
_aMUNICIPALIDAD PROVINCIAL DEL CUSCO _cBIBLIOTECA MUNICIPAL DEL CUSCO |
||
| 082 |
_a335.4 / _bS74 / 1935 |
||
| 100 |
_aSpengler, Oswald _929274 |
||
| 245 | _aPrusianismo y socialismo / | ||
| 260 |
_aSantiago de Chile : _bEdit. Cultura, _c1935. |
||
| 300 |
_a188 paginas ; _c19 cm. |
||
| 500 | _aEsta obra es consecuencia de las anotaciones que se me presentaban durante la confección de la 'decadencia de occidente', en especial con referencia al segundo tomo. | ||
| 505 | _aContenido :Prusianismo y socialismo / | ||
| 650 |
_aProblemas contemporáneos _929275 |
||
| 650 |
_aAlemania _91327 |
||
| 650 |
_aComunismo _9495 |
||
| 942 |
_2ddc _cLIBROS |
||
| 945 | _arjall | ||